Normal view
MARC view
- Domkundwar,A.V
Entry Personal Name
001 - CONTROL NUMBER
- control field: 640
003 - CONTROL NUMBER IDENTIFIER
- control field: OSt
005 - DATE AND TIME OF LATEST TRANSACTION
- control field: 20160628115715.0
008 - FIXED-LENGTH DATA ELEMENTS
- fixed length control field: 160628|| aca||aabn | a|a d
040 ## - CATALOGING SOURCE
- Original cataloging agency: OSt
- Transcribing agency: OSt
100 ## - HEADING--PERSONAL NAME
- Personal name: Domkundwar,A.V
670 ## - SOURCE DATA FOUND
- Source citation: Work cat.: (OSt): Arora,Domkundwar 639, A Course in Refrigeration and Air- Conditioning, 2012
